000 00289nam a2200109Ia 4500
005 20251222120159.0
008 251222s1900||||xx |||||||||||||| ||spa||
082 _aDVD0070/L54/1988
245 0 _aRain Man: Cuando los hermanos se encuentran
264 _bThe Guber-Peters Company
942 _cDVD
999 _c2370
_d2370